[Event "Troy (TCC/DEU/2/5)"]
[Site "?"]
[Date "1993.??.??"]
[Round "?"]
[White "Bannister, K."]
[Black "Leaman, P."]
[Result "0-1"]
[WhiteElo "1605"]
[BlackElo "1605"]
[PlyCount "114"]
[EventDate "1993.??.??"]

{2/(5)} 1. Nf3 Nc6 2. d4 d5 3. c3 Nf6 4. e3 g6 5. Bd3 Bg7 6. Nbd2 O-O 7. O-O b6
8. e4 dxe4 9. Nxe4 Nxe4 10. Bxe4 Bb7 11. Re1 e6 12. Bd2 a5 13. Re2 Rb8 14. Qc1
Re8 15. Bh6 Qd6 16. Bxg7 Kxg7 17. Qg5 h6 18. Qd2 e5 19. Rae1 exd4 20. cxd4 Nxd4
21. Nxd4 Bxe4 22. Rxe4 Rxe4 23. Rxe4 Rd8 24. Qc3 Kh7 25. Nf3 Qd5 26. b3 Qxe4
27. h3 Rd1+ 28. Kh2 Qf4+ 29. g3 Qc1 30. Qxc1 Rxc1 31. Nd4 Rd1 32. Nc6 Rd2 33.
a4 Rxf2+ 34. Kg1 Rb2 35. Nd4 c5 36. Nb5 Rxb3 37. Kf2 c4 38. Ke2 Rxg3 39. Kd2 f5
40. Kc2 f4 41. Nd6 f3 42. Ne4 Rxh3 43. Kd2 Rh2+ 44. Ke3 Re2+ 45. Kxf3 Rxe4 46.
Kxe4 h5 47. Kd4 h4 48. Kxc4 h3 49. Kb5 h2 50. Kxb6 h1=Q 51. Kxa5 Qa8+ 52. Kb4
g5 53. a5 g4 54. Kb5 g3 55. a6 g2 56. Ka5 g1=Q 57. Kb5 Qc1 0-1

[Event "Troy (TCC/DEU/5/6)"]
[Site "?"]
[Date "1993.??.??"]
[Round "?"]
[White "Bannister, K."]
[Black "Bensek, R."]
[Result "1-0"]
[WhiteElo "1605"]
[BlackElo "1605"]
[PlyCount "97"]
[EventDate "1993.??.??"]

{5/(6)} 1. Nf3 c5 2. e3 Nc6 3. c4 g6 4. a3 Bg7 5. Nc3 Nf6 6. d3 d6 7. Be2 Be6
8. Ng5 Bd7 9. Nge4 Nxe4 10. Nxe4 Bf5 11. Bf3 Ne5 12. O-O Qd7 13. Rb1 Rb8 14. b4
h5 15. Re1 h4 16. d4 cxd4 17. exd4 Nxf3+ 18. Qxf3 Bxd4 19. Bg5 Kd8 20. Qd3 Be5
21. Qd5 f6 22. Be3 b6 23. Rbd1 h3 24. g3 Bxe4 25. Qxe4 f5 26. Qf3 Rc8 27. c5
Qc6 28. Qxc6 Rxc6 29. cxb6 axb6 30. Bxb6+ Rxb6 31. Rxe5 Kd7 32. Ra5 Rc8 33. Kf1
e5 34. Rxe5 Rc3 35. Ra5 Ke6 36. b5 Ke5 37. a4 d5 38. Ra8 Rc4 39. Re8+ Re6 40.
Re1+ Re4 41. Rxe4+ dxe4 42. Rxe6+ Kxe6 43. b6 Kd6 44. a5 Kc6 45. Ke2 g5 46. Ke3
Kb7 47. Kd4 f4 48. Kxe4 fxg3 49. fxg3 1-0

[Event "East Lansing (MOR/6/49)"]
[Site "?"]
[Date "1993.??.??"]
[Round "?"]
[White "Banks, David"]
[Black "Taylor, J."]
[Result "0-1"]
[WhiteElo "1605"]
[BlackElo "1605"]
[PlyCount "80"]
[EventDate "1993.??.??"]

{6/(49)} 1. e4 e5 2. Nf3 Nc6 3. Nc3 Bc5 4. d3 h6 5. Nd5 Nf6 6. c3 d6 7. Nxf6+
Qxf6 8. Be3 Bb6 9. d4 Bg4 10. Be2 O-O 11. d5 Ne7 12. h3 Bh5 13. Bxb6 axb6 14.
O-O Bg6 15. Bd3 Qf4 16. Re1 Ra7 17. c4 Rfa8 18. b4 Ra4 19. a3 Rxa3 20. Rxa3
Rxa3 21. c5 bxc5 22. bxc5 Qf6 23. c6 bxc6 24. dxc6 Nxc6 25. Qc1 Rxd3 26. Qxc6
Qe7 27. Qc4 Ra3 28. Rc1 c5 29. Nd2 Qg5 30. f3 Qxd2 31. Rc2 Qe1+ 32. Kh2 Ra1 33.
Rb2 Qh1+ 34. Kg3 Rg1 35. Qa6 f5 36. Qa8+ Kh7 37. Qf8 f4+ 38. Kg4 Rxg2+ 39. Rxg2
Qxg2+ 40. Kh4 Qg5# 0-1

[Event "Lansing (MI Am/1)"]
[Site "?"]
[Date "1993.??.??"]
[Round "?"]
[White "Banks, David"]
[Black "Stanulis, T."]
[Result "0-1"]
[WhiteElo "1605"]
[BlackElo "1605"]
[PlyCount "106"]
[EventDate "1993.??.??"]

1. e4 c5 2. d4 cxd4 3. Qxd4 Nc6 4. Qd1 e6 5. Nf3 Nf6 6. Nc3 a6 7. Bg5 Be7 8. e5
Ng4 9. Bxe7 Qxe7 10. Ne4 Qb4+ 11. c3 Qxe4+ 12. Be2 Ncxe5 13. Nxe5 Qxe5 14. Kf1
Nf6 15. Bf3 Rb8 16. Qd2 b5 17. Re1 Qc7 18. b4 Bb7 19. Bxb7 Rxb7 20. Qg5 O-O 21.
Re3 Qc4+ 22. Kg1 Qxa2 23. h3 Qd2 24. Rg3 Qxg5 25. Rxg5 Ne4 26. Rg4 Nxc3 27. Kh2
f5 28. Rg3 Ne4 29. Ra3 Nxf2 30. Rha1 Ra8 31. R3a2 Ne4 32. Rxa6 Rxa6 33. Rxa6
Kf7 34. h4 d5 35. Kh3 d4 36. g4 d3 37. gxf5 exf5 38. h5 d2 39. Ra1 d1=Q 40.
Rxd1 Nf2+ 41. Kh4 Nxd1 42. Kg5 g6 43. hxg6+ hxg6 44. Kf4 Re7 45. Kg3 Re4 46.
Kh3 Rg4 47. Kh2 Kf6 48. Kh1 f4 49. Kh2 f3 50. Kh1 f2 51. Kh2 Kf5 52. Kh3 f1=Q+
53. Kh2 Qg2# 0-1

[Event "Flint (Beg/1)"]
[Site "?"]
[Date "1993.??.??"]
[Round "?"]
[White "Banks, David"]
[Black "Smalec, Joseph"]
[Result "1-0"]
[WhiteElo "1605"]
[BlackElo "1605"]
[PlyCount "33"]
[EventDate "1993.??.??"]

1. e4 e5 2. Nf3 Nf6 3. Bc4 Nxe4 4. Nxe5 Nd6 5. Bb3 Qg5 6. Qf3 Qxe5+ 7. Kd1 Nc6
8. Re1 Nd4 9. Qh3 f6 10. Rxe5+ fxe5 11. Qh5+ Nf7 12. Qxf7+ Kd8 13. c3 Nc6 14.
d4 exd4 15. cxd4 Nxd4 16. Bg5+ Be7 17. Qxe7# 1-0

[Event "Flint (MI Jr/4)"]
[Site "?"]
[Date "1993.??.??"]
[Round "?"]
[White "Banks, David"]
[Black "Simmons, M."]
[Result "1-0"]
[WhiteElo "1605"]
[BlackElo "1605"]
[PlyCount "75"]
[EventDate "1993.??.??"]

1. e4 Nf6 2. Nc3 Nc6 3. Bc4 d6 4. Nf3 Na5 5. Bb5+ Bd7 6. Bxd7+ Nxd7 7. O-O Nc4
8. d3 Ncb6 9. a4 a5 10. d4 Nf6 11. Qe2 Ng4 12. e5 d5 13. h3 Nh6 14. Ng5 e6 15.
Qf3 Be7 16. Ra3 Bxg5 17. Bxg5 Qxg5 18. Nb5 Nc4 19. Nxc7+ Kd8 20. Nxa8 Nd2 21.
Qd1 Nxf1 22. Qxf1 Ke7 23. Nb6 f5 24. Qb5 f4 25. Qd7+ Kf8 26. Qc8+ Kf7 27. Qxh8
f3 28. Rxf3+ Kg6 29. Qe8+ Nf7 30. Qxf7+ Kh6 31. Qxe6+ g6 32. Nxd5 Qc1+ 33. Kh2
Qxb2 34. Nf6 b5 35. Ng8+ Kg7 36. Qf7+ Kh8 37. Qf6+ Kxg8 38. Qf8# 1-0

[Event "East Lansing (MOR/2/52)"]
[Site "?"]
[Date "1993.??.??"]
[Round "?"]
[White "Banks, David"]
[Black "MacLean, C."]
[Result "0-1"]
[WhiteElo "1605"]
[BlackElo "1605"]
[PlyCount "124"]
[EventDate "1993.??.??"]

{2/(52)} 1. e4 e5 2. Nf3 Nc6 3. d4 exd4 4. Nxd4 Nxd4 5. Qxd4 Nf6 6. e5 Ng8 7.
Bc4 Bb4+ 8. c3 Ba5 9. Qf4 Nh6 10. Qf3 Qh4 11. Bxh6 Qxc4 12. Bxg7 Rg8 13. Qg3
Qe4+ 14. Kd1 Qg6 15. Qe3 Bb6 16. Qd2 Rxg7 17. Na3 Qxg2 18. Kc2 Qxf2 19. Rhg1
Qxd2+ 20. Kxd2 Rxg1 21. Rxg1 Kf8 22. Rf1 d6 23. exd6 cxd6 24. Nc4 Bc7 25. Ne3
Be6 26. c4 Ke7 27. Re1 Kd7 28. b4 Rg8 29. c5 Rg5 30. cxd6 Bxd6 31. h4 Bxb4+ 32.
Kc2 Rc5+ 33. Kb2 Bxe1 34. Ng2 Bc3+ 35. Kc2 Bf5+ 36. Kd1 Rd5+ 37. Ke2 Rd2+ 38.
Kf3 Rxg2 39. Kxg2 Ke6 40. Kg3 Ke5 41. Kf3 Bd4 42. Kg3 Be3 43. Kf3 Bf4 44. a4
Bd2 45. a5 Bxa5 46. h5 Bc7 47. Kg3 a5 48. Kh4 h6 49. Kg3 Ke4+ 50. Kh4 Bd8+ 51.
Kg3 a4 52. Kf2 a3 53. Kg1 a2 54. Kh1 a1=Q+ 55. Kh2 Bc7+ 56. Kg2 Qb2+ 57. Kf1
Qc1+ 58. Kf2 Qd2+ 59. Kg1 Bb6+ 60. Kh1 Qe1+ 61. Kg2 Qf2+ 62. Kh1 Qg1# 0-1

[Event "Flint (MI Jr/2)"]
[Site "?"]
[Date "1993.??.??"]
[Round "?"]
[White "Banks, David"]
[Black "Lynch, D."]
[Result "0-1"]
[WhiteElo "1605"]
[BlackElo "1605"]
[PlyCount "116"]
[EventDate "1993.??.??"]

1. e4 e5 2. Nf3 Nf6 3. Nxe5 Qe7 4. d4 Nxe4 5. Be3 Qb4+ 6. Nd2 Nxd2 7. Bxd2 Qxb2
8. Nd3 Qxd4 9. Be2 Nc6 10. O-O Ne5 11. c3 Qd6 12. Bf4 f6 13. Bh5+ g6 14. Re1
gxh5 15. Qxh5+ Kd8 16. Nxe5 fxe5 17. Bxe5 Qg6 18. Qh4+ Be7 19. Qe4 Qxe4 20.
Rxe4 Rg8 21. Rae1 d5 22. Rh4 Bxh4 23. g3 Bg5 24. h4 Bd2 25. Rd1 Re8 26. f4 Be3+
27. Kf1 Bh3+ 28. Ke1 c6 29. Bf6+ Kd7 30. Be5 Bf5 31. h5 Bc2 32. Ra1 Rg8 33. f5
Rxg3 34. Bxg3 Rg8 35. Bh2 Rg2 36. Be5 Rg5 37. Ke2 Rxf5 38. Kxe3 Rxe5+ 39. Kf4
Rxh5 40. Re1 b5 41. Kg4 Rf5 42. Rh1 h5+ 43. Rxh5 Rxh5 44. Kxh5 c5 45. Kg4 b4
46. Kf3 bxc3 47. Ke3 d4+ 48. Kf2 Ba4 49. Ke2 Bb5+ 50. Kd1 Kd6 51. a4 Bxa4+ 52.
Kc1 Kd5 53. Kb1 d3 54. Ka1 d2 55. Kb1 d1=Q+ 56. Ka2 c2 57. Ka3 c1=Q+ 58. Ka2
Qb3# 0-1

[Event "Flint (Beg/3)"]
[Site "?"]
[Date "1993.??.??"]
[Round "?"]
[White "Banks, David"]
[Black "Gaiefsky, D."]
[Result "0-1"]
[WhiteElo "1605"]
[BlackElo "1605"]
[PlyCount "64"]
[EventDate "1993.??.??"]

1. e4 e5 2. Bc4 Bc5 3. Nf3 Nc6 4. Nc3 Nf6 5. O-O d6 6. d4 exd4 7. Nb5 Nxe4 8.
Re1 Bf5 9. Bg5 f6 10. Bc1 Bb4 11. Bd2 Qd7 12. Nh4 Bg4 13. Rxe4+ Ne5 14. f3 Bf5
15. Rxd4 c5 16. Nxd6+ Kd8 17. Ndxf5 cxd4 18. Bxb4 Nxc4 19. Nxd4 Nxb2 20. Ne6+
Kc8 21. Qf1 Qxe6 22. Re1 Qxa2 23. Ra1 Qd5 24. Bc3 Qc5+ 25. Kh1 Qxc3 26. Nf5
Qxc2 27. Nd6+ Kc7 28. Nf7 Rhd8 29. Nxd8 Rxd8 30. Rc1 Qc6 31. Qe2 Qxc1+ 32. Qf1
Qxf1# 0-1

[Event "East Lansing (MOR/5/49)"]
[Site "?"]
[Date "1993.??.??"]
[Round "?"]
[White "Banks, David"]
[Black "Friedland, J."]
[Result "0-1"]
[WhiteElo "1605"]
[BlackElo "1605"]
[PlyCount "50"]
[EventDate "1993.??.??"]

{5/(49)} 1. e4 e5 2. Nf3 Nc6 3. d4 exd4 4. Nxd4 Nf6 5. Nc3 Bb4 6. Bd2 Nxd4 7.
Ne2 Bxd2+ 8. Qxd2 Nc6 9. O-O-O Nxe4 10. Qe3 d5 11. Nc3 Qe7 12. Nxd5 Qe5 13. Bc4
O-O 14. Rhe1 Nd6 15. Qf3 Qg5+ 16. Kb1 Nxc4 17. Nxc7 Rb8 18. Ne8 Bg4 19. Rd5
Bxf3 20. Rxg5 Rfxe8 21. Rxe8+ Rxe8 22. a3 Nd2+ 23. Kc1 Ne4 24. Rd5 Rd8 25. Rc5
Rd1# 0-1

[Event "Ann Arbor (HVA/5/22)"]
[Site "?"]
[Date "1993.??.??"]
[Round "?"]
[White "Ballard, C."]
[Black "Kielb, M."]
[Result "0-1"]
[WhiteElo "1605"]
[BlackElo "1605"]
[PlyCount "94"]
[EventDate "1993.??.??"]

{5/(22)} 1. e4 c5 2. Nf3 d6 3. Nc3 Nf6 4. Bc4 g6 5. d3 Bg7 6. O-O O-O 7. Ng5 e6
8. Bf4 d5 9. Qf3 dxc4 10. Qh3 h5 11. Ne2 e5 12. g4 Bxg4 13. Qe3 Bxe2 14. Qxe2
exf4 15. Qf3 Nc6 16. Qxf4 cxd3 17. Rad1 Nb4 18. cxd3 Nxd3 19. Qe3 Qa5 20. Rxd3
Qxa2 21. Qxc5 Rac8 22. Qe7 Rce8 23. Qxb7 Nxe4 24. Nxe4 Rxe4 25. Qxe4 Qxb2 26.
Qe7 a5 27. Rd8 a4 28. Rxf8+ Bxf8 29. Qa7 a3 30. f3 a2 31. f4 Bg7 32. f5 Bd4+
33. Qxd4 Qxd4+ 34. Kg2 a1=Q 35. Rxa1 Qxa1 36. fxg6 fxg6 37. h4 Kf7 38. Kg3 Kf6
39. Kf4 Qd4+ 40. Kg3 Kf5 41. Kh3 g5 42. Kg3 Qxh4+ 43. Kg2 Qe4+ 44. Kg3 h4+ 45.
Kh3 g4+ 46. Kxh4 Qe3 47. Kh5 Qh3# 0-1

[Event "Eastpointe (EDO/3/7)"]
[Site "?"]
[Date "1993.??.??"]
[Round "?"]
[White "Ball, Ed"]
[Black "Morrow, Chris"]
[Result "1-0"]
[WhiteElo "2000"]
[BlackElo "1835"]
[PlyCount "65"]
[EventDate "1993.??.??"]

{3/(7)} 1. c3 c6 2. g3 d5 3. Bg2 Nf6 4. d3 e6 5. Bg5 h6 6. Bxf6 Qxf6 7. Nd2 Bc5
8. d4 Bb6 9. f4 c5 10. e3 Bd7 11. a4 Nc6 12. Ngf3 Qe7 13. O-O O-O 14. Ne5 Nxe5
15. fxe5 Qg5 16. Qe2 a5 17. Nf3 Qe7 18. Nh4 Qe8 19. Qc2 Rc8 20. Qd1 Bc6 21. b3
Bd7 22. Ra2 c4 23. bxc4 Rxc4 24. Raf2 f5 25. exf6 Rxf6 26. Rxf6 gxf6 27. Rxf6
Kg7 28. Rg6+ Kf7 29. Qh5 Ke7 30. Qxh6 Rxa4 31. Rg7+ Kd8 32. Qg5+ Kc8 33. Rg8
1-0

[Event "Eastpointe (EDO/1b/8)"]
[Site "?"]
[Date "1993.??.??"]
[Round "?"]
[White "Ball, Ed"]
[Black "Moore, Deane"]
[Result "1-0"]
[WhiteElo "2000"]
[BlackElo "1605"]
[PlyCount "117"]
[EventDate "1993.??.??"]

1. c3 Nc6 2. g3 d5 3. Bg2 Nf6 4. d3 h6 5. Nd2 e6 6. e4 Ne5 7. Qc2 Be7 8. d4 Nc6
9. e5 Nd7 10. f4 Nb6 11. Ne2 Na5 12. O-O Nac4 13. Nxc4 Nxc4 14. a4 a5 15. b3
Nb6 16. Be3 c6 17. g4 Bh4 18. Ng3 Bxg3 19. hxg3 h5 20. gxh5 Rxh5 21. Kf2 Ke7
22. Rh1 Qh8 23. Bf3 Rh2+ 24. Bg2 Rh5 25. Qe2 g6 26. Rxh5 Qxh5 27. Qxh5 gxh5 28.
Rh1 Bd7 29. Rxh5 Rg8 30. Bf3 Nc8 31. Rh7 b5 32. axb5 cxb5 33. Bh5 Be8 34. Bc1
a4 35. bxa4 bxa4 36. Ba3+ Kd8 37. Bxf7 Bxf7 38. Rxf7 Rh8 39. Kg2 Re8 40. Rb7
Ne7 41. Ra7 Ng6 42. Rxa4 Kc7 43. Ra7+ Kb8 44. Rg7 Nh8 45. g4 Rc8 46. Bb4 Re8
47. f5 exf5 48. gxf5 Kc8 49. Kg3 Rd8 50. Kf4 Rd7 51. Rxd7 Kxd7 52. e6+ Ke8 53.
f6 Ng6+ 54. Kg5 Nf8 55. Bxf8 Kxf8 56. Kg6 Ke8 57. Kg7 Kd8 58. Kf7 Kc7 59. e7
1-0

[Event "Troy (TCC/X/2/3)"]
[Site "?"]
[Date "1993.??.??"]
[Round "?"]
[White "Ball, Ed"]
[Black "Mazuchowski, Tom"]
[Result "0-1"]
[WhiteElo "2000"]
[BlackElo "2135"]
[PlyCount "102"]
[EventDate "1993.??.??"]

{2/(3)} 1. d3 g6 2. g3 Bg7 3. Bg2 d6 4. c3 e5 5. b4 Ne7 6. e3 c6 7. Ne2 O-O 8.
a4 Bg4 9. Ba3 Qc8 10. O-O Bh3 11. Nd2 Bxg2 12. Kxg2 d5 13. d4 Nd7 14. f4 Nf5
15. Kf2 exd4 16. Nxd4 Nf6 17. Re1 Re8 18. Qf3 h5 19. Kg2 Ne4 20. Nxe4 Rxe4 21.
Rac1 Bxd4 22. exd4 Qe6 23. Kf2 Re8 24. Rxe4 dxe4 25. Qe2 Qb3 26. Bb2 a6 27. a5
Nd6 28. Qc2 Qd5 29. Re1 Nc4 30. Bc1 Qf5 31. Qe2 Qd5 32. Qc2 Kg7 33. Qe2 Nd6 34.
Qc2 Qf5 35. Qe2 Qh3 36. Kg1 Qe6 37. Kf2 Qc4 38. Qxc4 Nxc4 39. Re2 f5 40. Ke1
Kf6 41. h4 Ke6 42. Kd1 Kd5 43. Kc2 Ra8 44. Re1 b6 45. axb6 Nxb6 46. Kb3 a5 47.
Re2 axb4 48. Kxb4 Ra1 49. Bb2 Rb1 50. Rc2 Nc4 51. Kb3 e3 0-1

[Event "Troy (TCC/X/5/5)"]
[Site "?"]
[Date "1993.??.??"]
[Round "?"]
[White "Ball, Ed"]
[Black "Lin, A."]
[Result "0-1"]
[WhiteElo "2000"]
[BlackElo "2180"]
[PlyCount "82"]
[EventDate "1993.??.??"]

{5/(5)} 1. e4 Nc6 2. c4 Nf6 3. Nc3 g6 4. d3 Bg7 5. Be2 O-O 6. h4 h5 7. Bg5 d6
8. Qd2 Nd4 9. O-O-O a6 10. Nf3 c5 11. Bh6 Ng4 12. Bxg7 Kxg7 13. Nxd4 cxd4 14.
Bxg4 Bxg4 15. Ne2 e5 16. f3 Be6 17. g4 hxg4 18. h5 g5 19. fxg4 Kh6 20. Ng3 Bxg4
21. Rdf1 f6 22. Nf5+ Bxf5 23. Rxf5 Qe7 24. Qf2 Rf7 25. Rf1 Raf8 26. Qf3 b5 27.
cxb5 axb5 28. Kb1 Kg7 29. h6+ Kg6 30. Rh1 Kh7 31. Qh5 Rg8 32. Rf2 Qe6 33. b3
Rc7 34. Rc1 Rc3 35. Rfc2 b4 36. Rf1 Rg6 37. Rh2 Qg8 38. Qf3 Qc8 39. Kb2 Rc7 40.
Rfh1 Qa6 41. Rc1 Qa3+ 0-1

[Event "Flint (MI Jr/5)"]
[Site "?"]
[Date "1993.??.??"]
[Round "?"]
[White "Baker, Derrick"]
[Black "Truong, M."]
[Result "0-1"]
[WhiteElo "1605"]
[BlackElo "1605"]
[PlyCount "126"]
[EventDate "1993.??.??"]

1. Nf3 d5 2. g3 Nf6 3. Bg2 Bf5 4. d3 e6 5. O-O Be7 6. Nbd2 O-O 7. c4 c6 8. b3
Nbd7 9. Bb2 Qc7 10. Rc1 Qa5 11. Ra1 Ba3 12. Qc2 Bxb2 13. Qxb2 Rfe8 14. Rfe1 Qb6
15. e4 dxe4 16. dxe4 Bg6 17. e5 Ng4 18. Ne4 Nc5 19. Nxc5 Qxc5 20. Qd4 Qxd4 21.
Nxd4 Red8 22. Rad1 Rd7 23. Nf3 Rad8 24. Rxd7 Rxd7 25. Bf1 Nh6 26. Be2 Kf8 27.
Rd1 Ke7 28. Kf1 c5 29. h3 Bc2 30. Rd2 Be4 31. Ke1 Nf5 32. Rxd7+ Kxd7 33. Kd2 h6
34. g4 Ne7 35. Ne1 Nc6 36. Bd3 Bxd3 37. Nxd3 b6 38. Ke3 Nd4 39. f4 Ke7 40. Ke4
Ne2 41. Ke3 Nd4 42. Nc1 g5 43. Ne2 Nc2+ 44. Ke4 Nb4 45. Nc3 gxf4 46. Kxf4 Nd3+
47. Ke4 Nf2+ 48. Kf3 Nxh3 49. Nb5 Ng5+ 50. Ke3 a5 51. Nd6 Kd7 52. Ne4 Nxe4 53.
Kxe4 Ke7 54. a3 f6 55. Kf4 Kf7 56. Ke4 fxe5 57. Kxe5 Ke7 58. Ke4 Kf6 59. a4 Kg5
60. Kf3 e5 61. Kg3 e4 62. Kh3 Kf4 63. Kh4 e3 0-1

[Event "Flint (MI Jr/1)"]
[Site "?"]
[Date "1993.??.??"]
[Round "?"]
[White "Baker, Derrick"]
[Black "Kenworthy, Matt"]
[Result "1-0"]
[WhiteElo "1605"]
[BlackElo "1605"]
[PlyCount "121"]
[EventDate "1993.??.??"]

1. Nf3 Nc6 2. g3 e5 3. d3 Bc5 4. Bg2 d6 5. Nbd2 Nf6 6. O-O O-O 7. c3 Re8 8. Nb3
e4 9. dxe4 Nxe4 10. Nxc5 Nxc5 11. Be3 Ne4 12. Re1 Bg4 13. Qd3 h6 14. Rad1 a6
15. Nd4 Nxd4 16. Qxd4 Nf6 17. Bxb7 Rb8 18. Bc6 Bd7 19. Bxd7 Qxd7 20. b3 Qh3 21.
Qh4 Qxh4 22. gxh4 Ng4 23. Bf4 Re4 24. Bg3 f5 25. f3 Ne3 26. fxe4 Nxd1 27. Rxd1
fxe4 28. Rd4 Re8 29. Ra4 Kf7 30. Rxa6 Kg6 31. Ra5 Re6 32. Rd5 h5 33. a4 Re8 34.
a5 Rb8 35. b4 Kh6 36. Rd4 e3 37. Bf4+ Kh7 38. Bxe3 g6 39. Re4 Rb7 40. Re7+ Kg8
41. a6 Rb8 42. a7 Ra8 43. Rxc7 d5 44. Rb7 d4 45. Bxd4 g5 46. Rb8+ Rxb8 47.
axb8=Q+ Kf7 48. Qd6 gxh4 49. Qf6+ Ke8 50. Qxh4 Kd7 51. Qxh5 Kc6 52. Qc5+ Kd7
53. b5 Ke6 54. b6 Kd7 55. b7 Ke6 56. b8=R Kd7 57. Rb7+ Ke6 58. Rb6+ Kd7 59.
Qc6+ Ke7 60. Qc7+ Ke8 61. Rb8# 1-0

[Event "Flint (MI Jr/3)"]
[Site "?"]
[Date "1993.??.??"]
[Round "?"]
[White "Baker, Derrick"]
[Black "Calton, David A"]
[Result "0-1"]
[WhiteElo "1605"]
[BlackElo "1785"]
[PlyCount "116"]
[EventDate "1993.??.??"]

1. Nf3 g6 2. g3 Bg7 3. Bg2 Nc6 4. O-O d6 5. d3 e5 6. Nbd2 f5 7. e3 Nf6 8. Rb1
O-O 9. a3 a5 10. Ng5 h6 11. Nh3 e4 12. Nf4 g5 13. Nh5 Nxh5 14. Qxh5 d5 15. dxe4
dxe4 16. Qe2 b6 17. f3 Ba6 18. c4 Qd3 19. Qxd3 exd3 20. f4 Bb7 21. Rd1 Nd8 22.
Nf3 Be4 23. fxg5 d2 24. Nxd2 Bxg2 25. Kxg2 hxg5 26. Nf3 Ne6 27. Nd4 Rad8 28.
Kf3 c5 29. Nxe6 Rxd1 30. Nxf8 Kxf8 31. b3 Kf7 32. e4 Ke6 33. exf5+ Kxf5 34. g4+
Ke6 35. h3 Bc3 36. Ke2 Rh1 37. Kd3 Bf6 38. Ke2 Rh2+ 39. Kf3 Rh1 40. Ke2 Be5 41.
Kd3 Rxh3+ 42. Kc2 Rh2+ 43. Kd3 Rh3+ 44. Be3 Bf4 45. Re1 Ke5 46. a4 Kf6 47. Ke4
Rxe3+ 48. Rxe3 Bxe3 49. Kxe3 Ke5 50. Kf3 Kd4 51. Kg3 Ke3 52. Kg2 Kf4 53. Kh3
Kf3 54. Kh2 Kxg4 55. Kg2 Kf4 56. Kh2 g4 57. Kg2 g3 58. Kh1 Kf3 0-1

[Event "Eastpointe (MI Action/5/7)"]
[Site "?"]
[Date "1993.??.??"]
[Round "?"]
[White "Bailey, Jason"]
[Black "Moody, David"]
[Result "0-1"]
[WhiteElo "1700"]
[BlackElo "2000"]
[PlyCount "110"]
[EventDate "1993.??.??"]

{5/(7)} 1. c4 e5 2. g3 g6 3. Bg2 Bg7 4. Nc3 Nc6 5. e4 d6 6. Nge2 Nge7 7. O-O
Be6 8. d3 Qd7 9. Nd5 h5 10. h4 O-O-O 11. b4 Bh3 12. b5 Bxg2 13. bxc6 Qh3 14.
Nxe7+ Kb8 15. f3 Bxf1 16. Qxf1 Qe6 17. Nd5 bxc6 18. Rb1+ Kc8 19. Nb4 Kd7 20.
Be3 f5 21. Rd1 fxe4 22. dxe4 a5 23. Nd3 Qxc4 24. Nc5+ Ke7 25. Rc1 Qxa2 26. Nd3
Rb8 27. Ra1 Qb3 28. Nec1 Qc3 29. Na2 Qc4 30. Qe2 Rb3 31. Nac1 Rc3 32. Qd2 Rc2
33. Bg5+ Bf6 34. Bxf6+ Kxf6 35. Qg5+ Kf7 36. Rxa5 Rb8 37. Rxe5 Rxc1+ 38. Nxc1
dxe5 39. Qd2 Qd4+ 40. Qxd4 exd4 41. Nd3 Ke6 42. Nf4+ Kd6 43. Nxg6 Rg8 44. e5+
Ke6 45. Nf4+ Kxe5 46. Nxh5 d3 47. Kf1 Kd4 48. Ke1 Ke3 49. Nf6 d2+ 50. Kd1 Rxg3
51. Ng4+ Rxg4 52. fxg4 Kd3 53. g5 c5 54. g6 c4 55. g7 c3 0-1

[Event "Troy (TCC/B/1b/7)"]
[Site "?"]
[Date "1993.??.??"]
[Round "?"]
[White "Bailey, Jason"]
[Black "McCarter, Robert"]
[Result "1-0"]
[WhiteElo "1615"]
[BlackElo "1715"]
[PlyCount "107"]
[EventDate "1993.??.??"]

1. e4 c5 2. Nf3 Nc6 3. d4 cxd4 4. Nxd4 e5 5. Nb5 a6 6. Nd6+ Bxd6 7. Qxd6 Qf6 8.
Qxf6 Nxf6 9. Nc3 Nb4 10. Bd3 h6 11. Bd2 d5 12. Nxd5 Nbxd5 13. exd5 Nxd5 14. O-O
O-O 15. Rfe1 Re8 16. f4 Be6 17. Rxe5 Rad8 18. Rae1 Nf6 19. f5 Bxa2 20. Rxe8+
Rxe8 21. b3 Rd8 22. Bc3 Bxb3 23. Re7 Bd5 24. Ba5 Re8 25. Rxe8+ Nxe8 26. h3 Bc6
27. g3 Nf6 28. c4 Ne4 29. g4 Ng5 30. Kh2 Nf3+ 31. Kg3 Ne5 32. Be2 f6 33. h4 Kf7
34. Kf4 Nd7 35. Bb4 Ba4 36. g5 hxg5+ 37. hxg5 fxg5+ 38. Kxg5 Bc2 39. Bf3 g6 40.
Bd5+ Kg7 41. Bc3+ Kh7 42. f6 Nf8 43. Bxb7 Ne6+ 44. Kg4 Bf5+ 45. Kf3 Ng5+ 46.
Kf4 Ne6+ 47. Ke5 Kg8 48. Kd6 Ng5 49. Ke7 Be6 50. c5 Bc4 51. c6 Bd5 52. Ba8 Ne4
53. c7 Nd6 54. Bxd5+ 1-0

[Event "Eastpointe (MI Action/3/6)"]
[Site "?"]
[Date "1993.??.??"]
[Round "?"]
[White "Bailey, Jason"]
[Black "Kebrdle, M."]
[Result "1-0"]
[WhiteElo "1700"]
[BlackElo "2045"]
[PlyCount "69"]
[EventDate "1993.??.??"]

{3/(6)} 1. c4 c6 2. g3 d5 3. cxd5 cxd5 4. Bg2 Nf6 5. Nf3 Nc6 6. O-O g6 7. d4
Bg7 8. Nc3 O-O 9. Bf4 a6 10. Rc1 Nh5 11. Be3 Be6 12. Ng5 Rc8 13. Na4 Na5 14.
Nc5 Rc6 15. b4 Nc4 16. Nxb7 Qb6 17. Nxe6 fxe6 18. Na5 Nxa5 19. bxa5 Qc7 20. Qa4
Rc8 21. Qb4 Kf7 22. Rxc6 Qxc6 23. Rc1 Qd7 24. Rxc8 Qxc8 25. Qc5 Qxc5 26. dxc5
Ke8 27. Bd2 Kd7 28. Bb4 Kc6 29. e3 e5 30. Bf1 Kb7 31. c6+ Kxc6 32. Bxa6 e6 33.
a4 d4 34. Bb5+ Kd5 35. a6 1-0

[Event "Troy (TCC/B/2/7)"]
[Site "?"]
[Date "1993.??.??"]
[Round "?"]
[White "Bailey, Jason"]
[Black "Jointer, William"]
[Result "1-0"]
[WhiteElo "1615"]
[BlackElo "1720"]
[PlyCount "119"]
[EventDate "1993.??.??"]

{2/(7)} 1. e4 c5 2. Nf3 Nc6 3. d4 cxd4 4. Nxd4 g6 5. c4 Bg7 6. Be3 Qa5+ 7. Nc3
Nf6 8. f3 O-O 9. Be2 a6 10. O-O Rb8 11. Rc1 b5 12. cxb5 axb5 13. Ndxb5 Ba6 14.
a4 Rfd8 15. Rb1 Nb4 16. Bc5 d6 17. Bxb4 Qxb4 18. Na2 Qc5+ 19. Kh1 Rdc8 20. Rc1
Qh5 21. b4 Nd7 22. Nbc3 Be5 23. f4 Bxe2 24. Nxe2 Bb2 25. Rc2 Bg7 26. Nec3 Qh4
27. Nd5 e6 28. Ne3 Nf6 29. Rxc8+ Rxc8 30. e5 Ne4 31. Qf3 Nd2 32. Qb7 Rd8 33.
Qc7 Nxf1 34. Nxf1 dxe5 35. g3 Qg4 36. Qxd8+ Bf8 37. Qg5 Qf3+ 38. Kg1 Qe2 39.
Nc3 Qc4 40. Qxe5 Bxb4 41. Ne4 f5 42. Ng5 Bc5+ 43. Kg2 Qd5+ 44. Qxd5 exd5 45. a5
h6 46. Ne6 Ba7 47. Nd8 Kf8 48. a6 Ke8 49. Nc6 Kd7 50. Nxa7 Kc7 51. Nb5+ Kb8 52.
a7+ Kb7 53. Ne3 d4 54. Nd5 d3 55. Ndc7 d2 56. a8=Q+ Kb6 57. Qa6+ Kc5 58. Qd6+
Kc4 59. Qxd2 g5 60. Qc3# 1-0

[Event "Troy (TCC/B/5/4)"]
[Site "?"]
[Date "1993.??.??"]
[Round "?"]
[White "Bailey, Jason"]
[Black "Hawley, T."]
[Result "1-0"]
[WhiteElo "1615"]
[BlackElo "1755"]
[PlyCount "41"]
[EventDate "1993.??.??"]

{5/(4)} 1. e4 e5 2. Nf3 Nc6 3. d4 exd4 4. Bc4 Bb4+ 5. c3 dxc3 6. Nxc3 Qe7 7.
O-O d6 8. Nd5 Qd8 9. Nxb4 Nxb4 10. Qb3 a5 11. Bxf7+ Kf8 12. Bg5 Nf6 13. e5 dxe5
14. Rad1 Qe7 15. Nxe5 Qxe5 16. Rd8+ Ke7 17. Rxh8 Qxg5 18. Re1+ Kd6 19. Rxc8
Rxc8 20. Qe6+ Kc5 21. Re5+ 1-0

[Event "Eastpointe (MI Action/2/13)"]
[Site "?"]
[Date "1993.??.??"]
[Round "?"]
[White "Bailey, Jason"]
[Black "Grams, Paul"]
[Result "1-0"]
[WhiteElo "1700"]
[BlackElo "1800"]
[PlyCount "65"]
[EventDate "1993.??.??"]

{2/(13)} 1. c4 Nf6 2. g3 g6 3. Bg2 Bg7 4. Nc3 c6 5. e4 d6 6. Nge2 O-O 7. O-O
Nbd7 8. d3 Re8 9. f4 Nf8 10. h3 e5 11. f5 d5 12. g4 d4 13. Nb1 h6 14. Ng3 g5
15. b4 N6d7 16. a4 c5 17. b5 a6 18. Bb2 axb5 19. cxb5 Nb6 20. Nd2 Bd7 21. Nh5
f6 22. Qb3+ Kh8 23. Rfc1 Qc7 24. Nc4 Nxc4 25. Rxc4 b6 26. Qc2 Re7 27. Bf1 Be8
28. Ng3 Bf7 29. a5 Bxc4 30. axb6 Rxa1 31. bxc7 Ra2 32. c8=Q Bxb5 33. Q2xc5 1-0

[Event "East Lansing (MI Op/1a/17)"]
[Site "?"]
[Date "1993.??.??"]
[Round "?"]
[White "Bailey, Greg"]
[Black "Welch, Joseph"]
[Result "1-0"]
[WhiteElo "2000"]
[BlackElo "1605"]
[PlyCount "95"]
[EventDate "1993.??.??"]

1. Nf3 Nf6 2. c4 e6 3. g3 Be7 4. d4 O-O 5. Nc3 c5 6. d5 d6 7. Bg2 Re8 8. O-O e5
9. Qc2 Bg4 10. Bd2 Nbd7 11. Nh4 Bh5 12. e4 Rb8 13. Nf5 a6 14. a4 Bg6 15. f3 h6
16. Nxe7+ Qxe7 17. a5 Nh7 18. Rae1 Rf8 19. Bh3 Nhf6 20. Be3 Qd8 21. Qa4 Qc7 22.
Rb1 b6 23. Qc6 Rfc8 24. Qxc7 Rxc7 25. axb6 Rxb6 26. Rf2 Rb3 27. Ra1 Nb6 28. Bf1
Ra7 29. Bc1 Rb4 30. Nb5 Rxb5 31. cxb5 a5 32. b3 Nfd7 33. Rfa2 Kf8 34. Bd2 Ke7
35. Bxa5 Ra8 36. Bxb6 Rxa2 37. Rxa2 Nxb6 38. Ra6 Nd7 39. Rc6 f5 40. Bd3 fxe4
41. fxe4 Be8 42. Rc7 Kd8 43. b6 g5 44. Rc6 Ke7 45. b7 Nb8 46. Rc7+ Kd8 47. Rc8+
Ke7 48. Rxb8 1-0